| 000 | 02398nam0a2200421 4500 | ||
|---|---|---|---|
| 001 | RU\NLR\bibl\1957516 | ||
| 005 | 20260407134733.0 | ||
| 021 |
_aRU _b0321201800 |
||
| 035 | _a(NLR Aleph) 001946586 | ||
| 090 |
_a3637829 _c3637829 |
||
| 100 | _a20120522d2011 |||y0rusy50 ca | ||
| 101 | 0 | _arus | |
| 102 | _aRU | ||
| 106 | _as | ||
| 135 | _abczeu|||uuuuu | ||
| 200 | 1 |
_aПрограмма учебной дисциплины "Физическая и экономическая география Турции" _bЭлектронный ресурс _eнаправление подготовки 03210 - Востоковедение и африканистика _eпрофиль подготовки Экономика и международные экономические отношения стран Азии и Африки _eквалификация (стерень) выпусника - бакалавр _eформа обучения очная _fМГУ им. М.В. Ломоносова, Ин-т стран Азии и Африки |
|
| 210 |
_aМосква _c[б. и.] _d2011 |
||
| 215 |
_a1 электрон. опт. диск (CD-ROM) _d12 |
||
| 230 | _aТекст. (символ.) электрон. изд. (282 Кб) | ||
| 300 | _aЗагл. с вкладыша | ||
| 337 | _aСистем. требования: PC, Intel Pentium IV 2,0 ГГц; 1 Гб; 282 Кб; Windows XP/Vista/7 | ||
| 607 |
_aТурция _jУчебные издания для высших учебных заведений _xЭкономическая география _91150885 _3RU\NLR\auth\66459298 |
||
| 607 |
_aТурция _jУчебные издания для высших учебных заведений _xФизическая география _91819685 _3RU\NLR\auth\661114318 |
||
| 610 | 0 | _aфизическая | |
| 610 | 0 | _aэкономическая география | |
| 610 | 0 | _aтурция | |
| 675 |
_a911.2(560) _v3 |
||
| 686 |
_a39.01.33 _2grnti |
||
| 686 | _aУ04(5Ту)я73 | ||
| 686 | _aД829(5Ту)я73 | ||
| 712 | 0 | 2 |
_4570 _aИнститут стран Азии и Африки _cМосква _9502441 _3RU\NLR\AUTH\8810002609 |
| 801 | 0 |
_aRU _bНТЦ Информрегистр _c20120522 _grcr |
|
| 801 | 1 |
_aRU _bНТЦ Информрегистр _c20120522 |
|
| 801 | 2 |
_aRU _bNLR _c20121018 _grcr |
|
| 942 | _cBOOK | ||
| 980 | _aNB | ||